| 000 | 00838nam a2200253 a 4500 | ||
|---|---|---|---|
| 001 | 44914 | ||
| 003 | BD-RjUL | ||
| 005 | 20211209053933.0 | ||
| 008 | 160721s2001 bg d bs 000 0 eng | ||
| 020 | _a9840515896 | ||
| 035 | _a(BD-RjUL)45032 | ||
| 040 |
_aDLC _cDLC _beng _dBD-RjUL |
||
| 041 | _aeng | ||
| 082 |
_223 _a338.95492 _bCHA 2000 |
||
| 245 | 0 | 0 |
_aChanges and challenges : _ba review of Bangladesh's development 2000 / _cteam leader and editor, Rehman Sobhan |
| 250 | _aStudent ed. | ||
| 260 |
_aDhaka : _bUniversity Press, _c2001. |
||
| 300 |
_axxii, 334 p. _bill. ; _c24 cm. |
||
| 651 | 0 |
_aBangladesh _xEconomic policy _xEconometric models. _9137637 |
|
| 651 | 0 |
_aBangladesh _xEconomic conditions. _9137638 |
|
| 700 | 1 |
_aSobhan, Rehman. _9137639 |
|
| 710 | 2 |
_aCentre for Policy Dialogue (Bangladesh) _9137601 |
|
| 942 |
_2ddc _cBK |
||
| 999 |
_c44914 _d44914 |
||